1245 1463 1975 1230 1245 1651 1115 1125 1045 1132 1402 1404 1204 1842 1044 1801 1247 1844 1862 1483 1744 1993 1564 1839 1324 1608 1067 1414 1732 1853 1983 1065 1916 1450 1983 1885 1066 1587 1994 1240 1396 1042 1861 1736 1712 1367 1241 1924 1341 1935 1306 1050 1695 1003 1062 1005 1091 1924 1504 1544 1247 1911 1343 1646 1207 1008 1399 1887 1697 1783 1134 1219 1837 1177 1802 1557 1632 1538 1301 1661 1764 1021 1729 1257 1798 1185 1829 1157 1547 1005 1056 1397 1029 1665 1119 1839 1995 1046 1767 BCNSPRNW ULIB Ver.6.0+V

เปลี่ยนเป็นภาษาไทย

Change to English
 แสดงรายละเอียดบรรณานุกรม
  กลับหน้าหลัก

Brief Record : Get Marc (ISO 2709) : E-mail record : QR code < ปิดหน้าต่าง
LEADER : 00000nam 2200000uu 4500
001    13399127484
003     ULIB
008    200610s2020||||th 000 0 tha d
020    ^a9780323595421
060    ^aWY100^bH371U
100    ^aHaugen Nancy , Galura J. Sandra (Author)
245    ^aUlrich & Canale s Nursing Care Planning Guides: Prioritization, Delegation, and Clinical Reasoning
250    ^a8th ed
260    ^aSt.Louis, Missouri :^bELSEVIER,^c2020
300    ^a912 pages;^b28 cm
650    ^aNursing Care Planning
945    ^p0^l0^i28390
999    ^aกัณชพร จุลอักษร
รายการนี้ยังไม่มีแท็ก
คุณยังไม่ได้ล็อกอิน คุณสามารถมีกิจกรรมร่วมกับเว็บไซต์ได้ แต่ต้องล็อกอินก่อน ::
  ล็อกอิน

รายการสื่อสารสนเทศ

ลำดับที่ ประเภท เลขเรียก/บาร์โค้ด สถานที่ สถานะ
1. หนังสือสำรอง
หนังสือสำรอง
WY100 H371U ฉ.1 
  Barcode: 28390
ห้องสมุดวิทยาเขตนครสวรรค์
►หนังสือทั่วไป:l:General Books
บนชั้น

รายการใกล้เคียง
    ชื่อเรื่อง [Ulrich & Canale s Nursing Care Planning Guides: Prioritization, Delegation, and Clinical Reasoning]

    หัวเรื่อง [Nursing Care Planning]

BibComment


ยังไม่เคยถูกคอมเมนท์

คอมเมนท์ทรัพยากรรายการนี้
  คอมเมนท์: Ulrich Canale s..


 Copyright 2026. Bcnsprnw @Library